00554nam a22001457a 4500003000500000038001800005082000800023100001600031245018300047264003400230300002500264650002900289700003300318856005700351NUST aNusrat Nadeem a200 aJalil, Amna aMicrobiological and Molecular Evaluation of the Extra intestinal Pathogenic E. coli Isolates from Poultry, Bovine, and Human for Determining its Zoonotic Potential/cAmna Jalil,  aIslamabad;bASAB NUST;c2024. a376,p;bill;c30,cm. aPhD- Applied Biosciences aSupervised : Dr. Fazal Adnan uhttp://10.250.8.41:8080/xmlui/handle/123456789/46142